[Event "16th Reykjavik op"]
[Site "Reykjavik ISL"]
[Date "1994.02.09"]
[Round "5"]
[White "Zvjagintsev, Vadim"]
[Black "Sokolov, Ivan"]
[Result "1-0"]
[WhiteElo "2545"]
[BlackElo "2650"]
[EventDate "1994.02.05"]
[PlyCount "96"]

1.d4 d5 2.c4 c6 3.e3 e6 4.Nc3 f5 5.g4 fxg4 6.Qxg4 Nf6 7.Qg2 c5 8.cxd5 exd5
9.Bd3 Nc6 10.Nge2 Be6 11.dxc5 Qd7 12.Nd4 Bh3 13.Qg3 Bxc5 14.Rg1 Bxd4 15.
exd4 O-O 16.Bh6 Rae8+ 17.Kd2 Rf7 18.Rae1 Rxe1 19.Rxe1 Nxd4 20.Kc1 Bf5 21.
Bg5 Ng4 22.Bf1 Nc6 23.h3 Nf6 24.Bg2 Nb4 25.Bxf6 Rxf6 26.Kd2 d4 27.Ne4 Bxe4
28.Bxe4 Rf8 29.Qb3+ Kh8 30.Qxb4 Rxf2+ 31.Re2 Qxh3 32.Rxf2 Qe3+ 33.Kd1 Qxf2
34.Qe7 g6 35.Bd3 Qf3+ 36.Kc2 Qc6+ 37.Kb3 Qd5+ 38.Kb4 a5+ 39.Ka3 Kg8 40.Bc2
a4 41.Bxa4 Qf5 42.Bb3+ Kh8 43.Qd8+ Kg7 44.Qxd4+ Kh6 45.Qb4 g5 46.Qd6+ Kg7 
47.Qc7+ Kf6 48.Qb6+ 1-0

[Event "16th Reykjavik op"]
[Site "Reykjavik ISL"]
[Date "1994.02.09"]
[Round "5"]
[White "Kotronias, Vassilios"]
[Black "Van der Sterren, Paul"]
[Result "0-1"]
[WhiteElo "2545"]
[BlackElo "2610"]
[EventDate "1994.02.05"]
[PlyCount "98"]

1.e4 e5 2.Nf3 Nc6 3.Bb5 a6 4.Bxc6 dxc6 5.O-O Qd6 6.Na3 b5 7.c3 c5 8.Nc2 
Bb7 9.d4 cxd4 10.cxd4 exd4 11.Nfxd4 O-O-O 12.Bg5 Be7 13.Qg4+ Qd7 14.Nf5 
Bxg5 15.Qxg5 Bxe4 16.Nce3 g6 17.Rfd1 Qe8 18.Ng3 Bb7 19.Nd5 f6 20.Qg4+ f5 
21.Nxf5 gxf5 22.Qxf5+ Kb8 23.Nxc7 Rxd1+ 24.Rxd1 Kxc7 25.Qf4+ Kc8 26.Rc1+ 
Bc6 27.Qg4+ Kb8 28.Qd4 Nh6 29.Qb6+ Bb7 30.Qxh6 Rg8 31.Qf4+ Ka8 32.g3 Rf8 
33.Qd6 Qf7 34.f4 Re8 35.Rc7 Qh5 36.Re7 Rc8 37.Rc7 Rxc7 38.Qxc7 Qd1+ 39.Kf2
Qd2+ 40.Kf1 Qd1+ 41.Kf2 Qf3+ 42.Ke1 Qh1+ 43.Kd2 Qxh2+ 44.Kc3 Qxg3+ 45.Kb4 
Qe1+ 46.Ka3 Qe4 47.b3 b4+ 48.Ka4 Qc6+ 49.Qxc6 Bxc6+ 0-1

[Event "16th Reykjavik op"]
[Site "Reykjavik ISL"]
[Date "1994.02.09"]
[Round "5"]
[White "De Firmian, Nick"]
[Black "Rashkovsky, Nukhim"]
[Result "1/2-1/2"]
[WhiteElo "2580"]
[BlackElo "2535"]
[EventDate "1994.02.05"]
[PlyCount "137"]

1.e4 g6 2.d4 Bg7 3.Nc3 c6 4.f4 d5 5.e5 h5 6.Nf3 Nh6 7.Be3 Bg4 8.h3 Bxf3 9.
Qxf3 Nf5 10.Bf2 h4 11.Bd3 e6 12.Ne2 Na6 13.c3 Nc7 14.O-O Bf8 15.a4 Be7 16.
b4 Kf8 17.b5 Kg7 18.Rfb1 cxb5 19.axb5 a6 20.bxa6 bxa6 21.c4 dxc4 22.Bxc4 
a5 23.Rb7 Bb4 24.Rd1 Nd5 25.Bxd5 Qxd5 26.Qxd5 exd5 27.Rb5 Rhd8 28.Rb1 Rac8
29.Rc1 Rb8 30.Rxb8 Rxb8 31.Be1 Bxe1 32.Rxe1 Rb2 33.Nc3 Rd2 34.Nxd5 Rxd4 
35.Nc7 Rc4 36.Nd5 Rd4 37.Nc7 Rd2 38.e6 fxe6 39.Nxe6+ Kg8 40.Re5 a4 41.Ra5 
Ra2 42.Ra8+ Kf7 43.Ng5+ Ke7 44.Ra7+ Ke8 45.Ne4 Ne3 46.Nc3 Rxg2+ 47.Kh1 Rg3
48.Rxa4 Rxh3+ 49.Kg1 Rg3+ 50.Kh1 Ng4 51.Ne4 Rb3 52.Ra8+ Ke7 53.Ra7+ Ke6 
54.Ra6+ Kf7 55.Ng5+ Kg7 56.Ra7+ Kf8 57.Ra8+ Ke7 58.Ra7+ Ke8 59.Ra8+ Ke7 
60.Ra7+ Ke8 61.Rh7 Rb1+ 62.Kg2 Ne3+ 63.Kh2 Rb2+ 64.Kh3 Rb3 65.Kh2 Ng4+ 66.
Kg2 Rg3+ 67.Kf1 Ne3+ 68.Kf2 Nf5 69.Rxh4 1/2-1/2

[Event "16th Reykjavik op"]
[Site "Reykjavik ISL"]
[Date "1994.02.09"]
[Round "5"]
[White "Olafsson, Helgi"]
[Black "Pigusov, Evgeny"]
[Result "1/2-1/2"]
[WhiteElo "2535"]
[BlackElo "2570"]
[EventDate "1994.02.05"]
[PlyCount "46"]

1.c4 c5 2.Nf3 Nf6 3.Nc3 b6 4.e3 e6 5.d4 cxd4 6.exd4 d6 7.Bd3 Be7 8.O-O O-O
9.Re1 Nbd7 10.Bd2 Bb7 11.b4 Re8 12.Rc1 a6 13.a3 Rc8 14.h3 Rc7 15.Bf4 Nf8 
16.Bh2 Ng6 17.Qe2 Rc8 18.Red1 Bf8 19.c5 Ra8 20.Ng5 Nd5 21.Qh5 Nf6 22.Qe2 
Nd5 23.Qh5 Nf6 1/2-1/2

[Event "16th Reykjavik op"]
[Site "Reykjavik ISL"]
[Date "1994.02.09"]
[Round "5"]
[White "Budnikov, Andrei"]
[Black "Wojtkiewicz, Aleksander"]
[Result "1/2-1/2"]
[WhiteElo "2535"]
[BlackElo "2555"]
[EventDate "1994.02.05"]
[PlyCount "37"]

1.d4 Nf6 2.c4 e6 3.Nc3 Bb4 4.g3 c5 5.Nf3 cxd4 6.Nxd4 O-O 7.Bg2 d5 8.O-O 
dxc4 9.Qa4 Na6 10.Ndb5 Nd5 11.Rd1 Bd7 12.Nxd5 exd5 13.Rxd5 Qe8 14.Be3 Bc6 
15.Rh5 Bxg2 16.Kxg2 Qe4+ 17.Kg1 Qg4 18.Rh4 Qxe2 19.Qd1 1/2-1/2

[Event "16th Reykjavik op"]
[Site "Reykjavik ISL"]
[Date "1994.02.09"]
[Round "5"]
[White "Khenkin, Igor"]
[Black "Ibragimov, Ildar"]
[Result "1/2-1/2"]
[WhiteElo "2555"]
[BlackElo "2525"]
[EventDate "1994.02.05"]
[PlyCount "40"]

1.d4 d5 2.Nf3 Nf6 3.c4 dxc4 4.Nc3 a6 5.e4 b5 6.e5 Nd5 7.a4 Nxc3 8.bxc3 Qd5
9.g3 Bb7 10.Bg2 Qd7 11.Ba3 g6 12.h4 Bg7 13.h5 Bd5 14.Kf1 O-O 15.hxg6 fxg6 
16.Ng5 Bxg2+ 17.Kxg2 Qd5+ 18.f3 h6 19.Nh3 Nc6 20.Qe2 1/2-1/2

[Event "16th Reykjavik op"]
[Site "Reykjavik ISL"]
[Date "1994.02.09"]
[Round "5"]
[White "Kengis, Edvins"]
[Black "Shchekachev, Andrei"]
[Result "1/2-1/2"]
[WhiteElo "2565"]
[BlackElo "2470"]
[EventDate "1994.02.05"]
[PlyCount "130"]

1.e4 d6 2.d4 g6 3.Nf3 Bg7 4.Be2 Nf6 5.Nc3 O-O 6.O-O c6 7.Bg5 Qc7 8.a4 a5 
9.Qd2 e5 10.d5 Na6 11.Rad1 Ne8 12.Ne1 Nb4 13.Bc4 Kh8 14.Nd3 Nf6 15.dxc6 
bxc6 16.f4 Ng4 17.fxe5 Nxd3 18.Bxd3 Nxe5 19.Be2 Be6 20.b3 f6 21.Be3 Rad8 
22.Rf2 Qb8 23.Na2 Qc7 24.Nc3 Qb8 25.h3 Rfe8 26.Rdf1 Rd7 27.Bh6 Rf7 28.Nd1 
Qc7 29.Bxg7+ Kxg7 30.Nb2 g5 31.Bh5 Ng6 32.Qd4 Ref8 33.Nd1 Qd8 34.Ne3 Rb7 
35.Bg4 Rb4 36.Qc3 Rxe4 37.Bxe6 Rxe6 38.Nf5+ Kh8 39.Qxc6 Nf4 40.Qb7 Rg8 41.
Nh6 Qc8 42.Nf7+ Kg7 43.Nxd6+ Qxb7 44.Nxb7 Ra8 45.Kh2 Ra7 46.Nc5 Re5 47.Nd3
Nxd3 48.cxd3 Re6 49.d4 Rb7 50.Rf3 Kg6 51.Rc1 Reb6 52.Rcc3 Rd7 53.Rfd3 h5 
54.Kg3 h4+ 55.Kf3 Re6 56.Rc5 Rde7 57.d5 Re1 58.Rc2 R1e4 59.Kf2 Rf4+ 60.Rf3
Rd4 61.Rc6 Rd2+ 62.Kg1 Re1+ 63.Kh2 Rdd1 64.Rfxf6+ Kg7 65.Rg6+ Kh7 1/2-1/2

[Event "16th Reykjavik op"]
[Site "Reykjavik ISL"]
[Date "1994.02.09"]
[Round "5"]
[White "Ehlvest, Jaan"]
[Black "Van Wely, Loek"]
[Result "1-0"]
[WhiteElo "2610"]
[BlackElo "2570"]
[EventDate "1994.02.05"]
[PlyCount "89"]

1.d4 Nf6 2.c4 g6 3.Nc3 Bg7 4.e4 d6 5.Be2 O-O 6.Nf3 e5 7.Be3 Ng4 8.Bg5 f6 
9.Bh4 g5 10.Bg3 Nh6 11.h3 Nc6 12.dxe5 fxe5 13.Qd2 Nf7 14.Nh2 Nd4 15.Bg4 
Nh8 16.Nb5 Ne6 17.Nf3 Nf4 18.Bxf4 gxf4 19.c5 a6 20.Nc3 dxc5 21.Qxd8 Rxd8 
22.Nd5 Bxg4 23.hxg4 Rxd5 24.exd5 Nf7 25.Nd2 Nd6 26.f3 e4 27.Nxe4 Nxe4 28.
fxe4 Bxb2 29.Rb1 Bc3+ 30.Ke2 b5 31.Rh5 Re8 32.Kf3 Be5 33.Rh6 Bd6 34.Rbh1 
Re7 35.g5 Rg7 36.R1h5 c4 37.Re6 Rg6 38.Re8+ Kf7 39.Ra8 Rg7 40.Rxa6 Kg6 41.
Kg4 Re7 42.Rh6+ Kg7 43.Re6 Rxe6 44.dxe6 b4 45.e5 1-0

[Event "16th Reykjavik op"]
[Site "Reykjavik ISL"]
[Date "1994.02.09"]
[Round "5"]
[White "Garcia, Gildardo"]
[Black "Sabalovs, Aleksandrs"]
[Result "1-0"]
[WhiteElo "2520"]
[BlackElo "2590"]
[EventDate "1994.02.05"]
[PlyCount "79"]

1.e4 c6 2.d4 d5 3.exd5 cxd5 4.c4 Nf6 5.Nc3 Nc6 6.Nf3 e6 7.Bd3 Be7 8.O-O 
O-O 9.cxd5 Nxd5 10.Re1 Bf6 11.Be4 Nce7 12.Bc2 Nxc3 13.bxc3 Ng6 14.Rb1 b6 
15.Rb5 Bb7 16.Ng5 Qc7 17.Ne4 Be7 18.Rh5 Rad8 19.Rh3 Rd5 20.Bb3 Rf5 21.Ng3 
Ra5 22.c4 Bg5 23.Ne4 Bxc1 24.Qxc1 Rd8 25.d5 Qf4 26.Rhe3 Nf8 27.g3 Qb8 28.
Ng5 Rc8 29.Rf3 f6 30.Nxe6 Nxe6 31.Rxe6 Bxd5 32.c5 Raxc5 33.Qe3 Bxb3 34.
Qxb3 Kh8 35.Rfe3 Rc1+ 36.Kg2 Qb7+ 37.Kh3 Rf8 38.Qa3 Qc8 39.Kg2 Rc7 40.Re7 
1-0

[Event "16th Reykjavik op"]
[Site "Reykjavik ISL"]
[Date "1994.02.09"]
[Round "5"]
[White "Petursson, Margeir"]
[Black "Arnason, Jon"]
[Result "0-1"]
[WhiteElo "2550"]
[BlackElo "2520"]
[EventDate "1994.02.05"]
[PlyCount "72"]

1.d4 Nf6 2.c4 e6 3.Nf3 b6 4.g3 Bb7 5.Bg2 Be7 6.Nc3 Ne4 7.Bd2 f5 8.d5 Bf6 
9.Qc2 Qe7 10.O-O Bxc3 11.Bxc3 exd5 12.cxd5 Bxd5 13.Rfd1 Bb7 14.Be1 c5 15.
b4 d6 16.bxc5 bxc5 17.Qb3 Nc6 18.Rab1 Rb8 19.Qd5 Qd7 20.Nh4 Ne7 21.Qd3 d5 
22.g4 f4 23.Bxe4 Qxg4+ 24.Bg2 Qxh4 25.Qb5+ Kf7 26.Qxc5 Bc6 27.Rbc1 Rb6 28.
Bb4 Rhb8 29.a3 Bb7 30.Qc7 Rc8 31.Bxe7 Qg4 32.f3 Qf5 33.Bh3 Qxh3 34.Qxf4+ 
Kxe7 35.Qg5+ Kf7 36.Rxc8 Qxc8 0-1

[Event "16th Reykjavik op"]
[Site "Reykjavik ISL"]
[Date "1994.02.09"]
[Round "5"]
[White "Hjartarson, Johann"]
[Black "Thorhallsson, Throestur"]
[Result "1-0"]
[WhiteElo "2595"]
[BlackElo "2470"]
[EventDate "1994.02.05"]
[PlyCount "46"]

1.e4 e6 2.d4 d5 3.Nc3 Bb4 4.e5 c5 5.a3 Bxc3+ 6.bxc3 Ne7 7.Nf3 Bd7 8.Rb1 b6
9.Bd3 Qc7 10.h4 c4 11.Bf1 h5 12.g3 Nbc6 13.Bh3 O-O-O 14.Ng5 Rdf8 15.a4 Na5
16.Ba3 Bxa4 17.Nxf7 Rxf7 18.Bxe6+ Bd7 19.Bxf7 Nac6 20.e6 Be8 21.Bxe8 Rxe8 
22.Qxh5 g6 23.Qg4 Rf8 1-0

[Event "16th Reykjavik op"]
[Site "Reykjavik ISL"]
[Date "1994.02.09"]
[Round "5"]
[White "Shneider, Alexander"]
[Black "Gretarsson, Helgi Ass"]
[Result "1-0"]
[WhiteElo "2570"]
[BlackElo "2415"]
[EventDate "1994.02.05"]
[PlyCount "86"]

1.d4 d5 2.c4 c6 3.Nc3 Nf6 4.e3 g6 5.Nf3 Bg7 6.Be2 O-O 7.O-O Bg4 8.cxd5 
Nxd5 9.e4 Nb6 10.Be3 Na6 11.Ne5 Bxe2 12.Qxe2 Nc7 13.a4 a5 14.Rfd1 Na6 15.
Rac1 Rc8 16.h4 e6 17.h5 Nb4 18.hxg6 fxg6 19.Nf3 h6 20.Ne5 Qe8 21.Qg4 Kh7 
22.Qh3 Qe7 23.Nf3 Rfe8 24.d5 N6xd5 25.exd5 cxd5 26.Nb5 Nc2 27.Bd2 d4 28.
Ne1 Nxe1 29.Rxe1 Rxc1 30.Rxc1 Rf8 31.Bxh6 Bxh6 32.Rc7 Qxc7 33.Nxc7 Rf5 34.
Nxe6 Rd5 35.Qd3 Rd6 36.Nxd4 Bg7 37.Qh3+ Kg8 38.Qc8+ Bf8 39.Qc4+ Kh7 40.Ne6
Kg8 41.Nxf8+ Kxf8 42.Qc8+ Kg7 43.Qc7+ 1-0

[Event "16th Reykjavik op"]
[Site "Reykjavik ISL"]
[Date "1994.02.09"]
[Round "5"]
[White "Ivanov, Mikhail M."]
[Black "Thorhallsson, Gylfi"]
[Result "1-0"]
[WhiteElo "2525"]
[BlackElo "2295"]
[EventDate "1994.02.05"]
[PlyCount "58"]

1.Nf3 f5 2.g3 Nf6 3.Bg2 e6 4.O-O d5 5.d3 Bd6 6.c4 c6 7.Nc3 Be7 8.e4 Na6 9.
cxd5 exd5 10.exd5 cxd5 11.Nd4 O-O 12.Bg5 Kh8 13.Re1 Bc5 14.Bxf6 Rxf6 15.
Nde2 d4 16.Nd5 Rd6 17.Nef4 Bd7 18.h4 Nb4 19.Nxb4 Bxb4 20.Re5 Rb6 21.Rd5 
Bd6 22.Qd2 Qf6 23.Nh5 Qg6 24.Nf4 Qf6 25.a3 g6 26.b4 Bb5 27.Rd1 Rc8 28.Re1 
Re8 29.Rxb5 1-0

[Event "16th Reykjavik op"]
[Site "Reykjavik ISL"]
[Date "1994.02.09"]
[Round "5"]
[White "Sigfusson, Sigurdur"]
[Black "Kveinys, Aloyzas"]
[Result "0-1"]
[WhiteElo "2250"]
[BlackElo "2520"]
[EventDate "1994.02.05"]
[PlyCount "96"]

1.d4 Nf6 2.e3 d6 3.f4 g6 4.Nf3 Bg7 5.Bd3 O-O 6.O-O Nc6 7.c3 e5 8.fxe5 dxe5
9.Bc2 h6 10.Nbd2 Be6 11.Nb3 Bd5 12.Nfd2 Be6 13.Nf3 Qe7 14.Nc5 Bc8 15.Ba4 
Nd7 16.b4 Nxc5 17.bxc5 Na5 18.Qe1 b6 19.cxb6 axb6 20.Qg3 Ba6 21.Re1 e4 22.
Nd2 Bd3 23.Bd1 Bf6 24.Qf2 Bg5 25.g3 h5 26.a4 Rfd8 27.Ba3 Qe6 28.Bb4 Rd5 
29.Qg2 h4 30.g4 Kh8 31.h3 Re8 32.Rc1 Nc4 33.Nxc4 Bxc4 34.Qh2 c5 35.Ba3 Be7
36.Qb2 Rg5 37.Rb1 Bd3 38.Rc1 Bd6 39.c4 Kh7 40.d5 Qe7 41.Kh1 f5 42.Rg1 Rf8 
43.Qxb6 fxg4 44.hxg4 Rf1 45.Kg2 Rxg4+ 46.Bxg4 Qe5 47.Qxd6 Qxd6 48.Rgxf1 
Qg3+ 0-1

[Event "16th Reykjavik op"]
[Site "Reykjavik ISL"]
[Date "1994.02.09"]
[Round "5"]
[White "Ernst, Thomas"]
[Black "Gunnarsson, Arinbjorn"]
[Result "1-0"]
[WhiteElo "2480"]
[BlackElo "2235"]
[EventDate "1994.02.05"]
[PlyCount "68"]

1.e4 e6 2.d4 d5 3.Nc3 Bb4 4.e5 c5 5.a3 Ba5 6.b4 cxd4 7.Qg4 Ne7 8.bxa5 dxc3
9.Qxg7 Rg8 10.Qxh7 Nbc6 11.f4 Qxa5 12.Nf3 Bd7 13.Ng5 Rf8 14.Rb1 O-O-O 15.
Nxf7 Rxf7 16.Qxf7 Be8 17.Qxe6+ Bd7 18.Qf6 Bf5 19.e6 d4 20.Bd3 Bxd3 21.cxd3
Qa4 22.O-O Qc2 23.Rb5 b6 24.Rh5 Qxd3 25.Rh8 Qc2 26.Rxd8+ Kxd8 27.f5 d3 28.
Qf8+ Kc7 29.f6 d2 30.Bxd2 cxd2 31.fxe7 d1=Q 32.e8=Q Qd4+ 33.Kh1 b5 34.Qd7+
1-0

[Event "16th Reykjavik op"]
[Site "Reykjavik ISL"]
[Date "1994.02.09"]
[Round "5"]
[White "Danielsen, Henrik"]
[Black "Halldorsson, Bragi"]
[Result "1-0"]
[WhiteElo "2480"]
[BlackElo "2225"]
[EventDate "1994.02.05"]
[PlyCount "66"]

1.c4 c6 2.Nc3 d5 3.d4 Nf6 4.e3 e6 5.Nf3 Be7 6.Bd3 dxc4 7.Bxc4 b5 8.Bd3 a6 
9.O-O c5 10.dxc5 Bxc5 11.Qe2 Nbd7 12.e4 Bb7 13.Bg5 h6 14.Bh4 Qb6 15.Rfd1 
g5 16.Bg3 Nh5 17.e5 Nxg3 18.hxg3 g4 19.Nd2 Bd4 20.Be4 O-O-O 21.a4 Bxc3 22.
bxc3 Nc5 23.Bxb7+ Qxb7 24.axb5 Qxb5 25.Qxg4 Rhg8 26.Qf3 Qb7 27.Qe3 Qc6 28.
Nc4 Nb7 29.Nb6+ Kc7 30.Rdb1 a5 31.Ra4 Rd5 32.Nxd5+ exd5 33.Rf4 1-0

[Event "16th Reykjavik op"]
[Site "Reykjavik ISL"]
[Date "1994.02.09"]
[Round "5"]
[White "Jonasson, Benedikt"]
[Black "Bjarnason, Saevar"]
[Result "0-1"]
[WhiteElo "2280"]
[BlackElo "2315"]
[EventDate "1994.02.05"]
[PlyCount "78"]

1.e4 e6 2.d4 d5 3.Nd2 c5 4.exd5 exd5 5.Ngf3 Nc6 6.Bb5 Bd6 7.O-O Ne7 8.c4 
O-O 9.cxd5 Nxd4 10.Nxd4 cxd4 11.Bc4 Qc7 12.h3 Bf5 13.b3 b5 14.Bxb5 Qc3 15.
Bb2 Qxb2 16.Nc4 Qc3 17.Nxd6 Bc2 18.Qe2 Nxd5 19.Bc4 d3 20.Qe4 Nb6 21.Qf3 
Rad8 22.Ne4 Qd4 23.Nd2 Nxc4 24.bxc4 Rfe8 25.Rae1 Re2 26.Nb3 Qxc4 27.Rxe2 
dxe2 28.Re1 Bd1 29.Qe3 Qb4 30.Rxe2 Bxe2 31.Qxe2 h6 32.g3 a5 33.Kh2 a4 34.
Nc1 Qd2 35.Qf1 Qc2 36.Qe1 Rd1 37.Qe8+ Kh7 38.Ne2 Re1 39.Qxf7 0-1

[Event "16th Reykjavik op"]
[Site "Reykjavik ISL"]
[Date "1994.02.09"]
[Round "5"]
[White "Vidarsson, Jon"]
[Black "Barillaro, Luca"]
[Result "0-1"]
[WhiteElo "2310"]
[BlackElo "2265"]
[EventDate "1994.02.05"]
[PlyCount "90"]

1.e4 Nf6 2.e5 Nd5 3.d4 d6 4.Nf3 dxe5 5.Nxe5 Nd7 6.Nxf7 Kxf7 7.Qh5+ Ke6 8.
c4 N5f6 9.d5+ Kd6 10.Qf5 Nc5 11.Bf4+ e5 12.Qxe5+ Kd7 13.Be2 Bd6 14.Qg5 Qe7
15.Be3 Nce4 16.Qh4 Nxd5 17.Qxe7+ Nxe7 18.Bf3 Nf6 19.Nc3 Nf5 20.Bg5 Nd4 21.
O-O-O Nxf3 22.gxf3 Ke7 23.c5 Bxc5 24.Nd5+ Kf7 25.Nxc7 Rb8 26.Nb5 Be6 27.
Nc3 Bxf2 28.f4 h6 29.f5 hxg5 30.fxe6+ Kxe6 31.Rd2 Bb6 32.Rf1 Rbc8 33.Kb1 
Kf7 34.Rg2 Rh5 35.Ne4 Kg6 36.Ng3 Rh3 37.Nf5 Re8 38.Nd6 Re7 39.Nf5 Rd7 40.
a3 Be3 41.Ka2 Bb6 42.Kb1 Rhd3 43.h4 g4 44.Kc2 R3d5 45.h5+ Kh7 0-1

[Event "16th Reykjavik op"]
[Site "Reykjavik ISL"]
[Date "1994.02.09"]
[Round "5"]
[White "Bjornsson, Bjorn"]
[Black "Arnason, Throestur"]
[Result "1/2-1/2"]
[WhiteElo "2200"]
[BlackElo "2290"]
[EventDate "1994.02.05"]
[PlyCount "84"]

1.d4 e6 2.c4 Bb4+ 3.Nd2 d5 4.Qa4+ Nc6 5.e3 Nf6 6.Nf3 O-O 7.Be2 Ne4 8.O-O 
f5 9.Nxe4 fxe4 10.Ne5 Nxe5 11.dxe5 a5 12.a3 Bc5 13.b4 Bd7 14.Qc2 axb4 15.
cxd5 Qe7 16.Bc4 bxa3 17.Qxe4 Ra4 18.Qd3 exd5 19.Bxd5+ Kh8 20.Bxb7 c6 21.e6
Bxe6 22.Bxc6 Rh4 23.g3 Bc4 24.Qd7 Qf6 25.Bxa3 Rh5 26.Bxc5 Rxc5 27.Bg2 Bxf1
28.Rxf1 Rc2 29.f4 Rd8 30.Qb7 Qc3 31.Qe7 Qd2 32.Qe4 h6 33.f5 Rc1 34.f6 gxf6
35.Qf4 Rxf1+ 36.Bxf1 Kg7 37.Qg4+ Kh8 38.Qf4 Kg7 39.Qg4+ Kf8 40.Qf4 Kg7 41.
Qg4+ Kh7 42.Qf5+ Kg7 1/2-1/2

[Event "16th Reykjavik op"]
[Site "Reykjavik ISL"]
[Date "1994.02.09"]
[Round "5"]
[White "Werner, Bernd-Michael"]
[Black "Happel, Hendrik"]
[Result "1/2-1/2"]
[WhiteElo "2220"]
[BlackElo "2270"]
[EventDate "1994.02.05"]
[PlyCount "42"]

1.e4 e6 2.d4 d5 3.Nc3 Nf6 4.e5 Nfd7 5.f4 c5 6.Nf3 Nc6 7.Be3 a6 8.Qd2 b5 9.
dxc5 Bxc5 10.Bxc5 Nxc5 11.Nd4 Nxd4 12.Qxd4 Qb6 13.a3 Bd7 14.Rd1 O-O 15.b4 
Na4 16.Nxa4 Qxd4 17.Rxd4 bxa4 18.c4 Bc6 19.c5 f6 20.Bd3 fxe5 21.fxe5 Bb5 
1/2-1/2

[Event "16th Reykjavik op"]
[Site "Reykjavik ISL"]
[Date "1994.02.09"]
[Round "5"]
[White "Olafsson, David"]
[Black "Thorsson, Olafur"]
[Result "1-0"]
[WhiteElo "2270"]
[BlackElo "2180"]
[EventDate "1994.02.05"]
[PlyCount "54"]

1.e4 d6 2.d4 Nf6 3.f3 g6 4.Be3 c6 5.Qd2 Nbd7 6.Nc3 b5 7.a3 Bb7 8.Nh3 Bg7 
9.Be2 O-O 10.O-O e5 11.Rad1 Re8 12.Kh1 a6 13.Nf2 d5 14.dxe5 Nxe5 15.Bg5 
Qc7 16.f4 Nc4 17.Bxc4 bxc4 18.e5 Nd7 19.Ng4 Re6 20.Ne4 c5 21.Nef6+ Nxf6 
22.Nxf6+ Bxf6 23.Bxf6 Kf8 24.f5 gxf5 25.Qg5 Qc6 26.Rf3 d4 27.Rg3 1-0

[Event "16th Reykjavik op"]
[Site "Reykjavik ISL"]
[Date "1994.02.10"]
[Round "6"]
[White "Van der Sterren, Paul"]
[Black "Ehlvest, Jaan"]
[Result "1/2-1/2"]
[WhiteElo "2610"]
[BlackElo "2610"]
[EventDate "1994.02.05"]
[PlyCount "52"]

1.d4 Nf6 2.c4 e6 3.Nf3 b6 4.g3 Ba6 5.b3 b5 6.cxb5 Bxb5 7.Bg2 Bb4+ 8.Bd2 a5
9.O-O O-O 10.a3 Bxd2 11.Nfxd2 Bc6 12.e4 d5 13.e5 Nfd7 14.Nc3 Bb7 15.b4 Nc6
16.Nf3 axb4 17.axb4 Nb6 18.b5 Na5 19.Qd3 Qe7 20.Nd2 c5 21.bxc6 Ba6 22.Nb5 
Nxc6 23.Rfb1 Rfb8 24.Qc3 Bxb5 25.Rxb5 Rxa1+ 26.Qxa1 Nd7 1/2-1/2

[Event "16th Reykjavik op"]
[Site "Reykjavik ISL"]
[Date "1994.02.10"]
[Round "6"]
[White "Ibragimov, Ildar"]
[Black "Hjartarson, Johann"]
[Result "0-1"]
[WhiteElo "2525"]
[BlackElo "2595"]
[EventDate "1994.02.05"]
[PlyCount "72"]

1.d4 Nf6 2.c4 e6 3.Nc3 Bb4 4.e3 c5 5.Bd3 Nc6 6.Nf3 Bxc3+ 7.bxc3 d6 8.e4 e5
9.h3 h6 10.Be3 b6 11.d5 Ne7 12.Nd2 Ng6 13.g3 O-O 14.Qc2 Bd7 15.Nf1 a6 16.
Bd2 Qc8 17.h4 Ne8 18.Ne3 Ne7 19.O-O Bh3 20.Rfe1 f5 21.exf5 Nxf5 22.Nxf5 
Bxf5 23.Rab1 b5 24.Bxf5 Qxf5 25.Qxf5 Rxf5 26.a4 bxc4 27.Rb6 a5 28.Re4 Rf3 
29.Rxc4 Rd3 30.Be3 Rxd5 31.f4 Rd3 32.Kf2 Nf6 33.fxe5 Nd5 34.Rxd6 Nxe3 35.
Rxc5 Ng4+ 36.Kg2 Nxe5 0-1

[Event "16th Reykjavik op"]
[Site "Reykjavik ISL"]
[Date "1994.02.10"]
[Round "6"]
[White "Olafsson, Helgi"]
[Black "De Firmian, Nick"]
[Result "0-1"]
[WhiteElo "2535"]
[BlackElo "2580"]
[EventDate "1994.02.05"]
[PlyCount "50"]

1.d4 Nf6 2.c4 e6 3.Nf3 c5 4.d5 exd5 5.cxd5 d6 6.Nc3 g6 7.e4 a6 8.a4 Bg4 9.
Qb3 Bxf3 10.Qxb7 Bxg2 11.Bxg2 Nbd7 12.Qc6 Be7 13.e5 Rc8 14.exf6 Rxc6 15.
fxe7 Qxe7+ 16.Kd1 Rb6 17.Re1 Ne5 18.f4 O-O 19.fxe5 dxe5 20.Kc2 f5 21.Rb1 
Rb4 22.Be3 Rfb8 23.Bf1 Qb7 24.Bxc5 Rxb2+ 25.Kd3 Rc8 0-1

[Event "16th Reykjavik op"]
[Site "Reykjavik ISL"]
[Date "1994.02.10"]
[Round "6"]
[White "Pigusov, Evgeny"]
[Black "Budnikov, Andrei"]
[Result "1/2-1/2"]
[WhiteElo "2570"]
[BlackElo "2535"]
[EventDate "1994.02.05"]
[PlyCount "100"]

1.Nf3 d5 2.g3 c6 3.c4 Nf6 4.Bg2 dxc4 5.O-O Bf5 6.Na3 b5 7.b3 cxb3 8.Qxb3 
a6 9.d3 e6 10.Bb2 Be7 11.Ne5 O-O 12.Nc2 Nfd7 13.Nb4 Nxe5 14.Bxe5 Bd6 15.
Bb2 Qe7 16.Nxc6 Nxc6 17.Bxc6 Rac8 18.Bf3 e5 19.Rac1 h6 20.h4 Rfd8 21.Rxc8 
Rxc8 22.Rc1 Rxc1+ 23.Bxc1 e4 24.dxe4 Bxe4 25.Bb2 Be5 26.Bxe4 Bxb2 27.Qd5 
g5 28.h5 Kg7 29.Kg2 Qf6 30.e3 Bc3 31.Bf5 b4 32.g4 Qe5 33.Qb7 a5 34.Bd7 Qf6
35.Qd5 Be1 36.Bf5 a4 37.Kf1 Bc3 38.Qc4 Qd6 39.Bd3 Bf6 40.Qe4 b3 41.axb3 
axb3 42.Qh7+ Kf8 43.Qxh6+ Ke7 44.Qh7 b2 45.Bb1 Qd1+ 46.Kg2 Qxg4+ 47.Kf1 
Qd1+ 48.Kg2 Qd5+ 49.Kg1 Qb3 50.Qf5 Qc4 1/2-1/2

[Event "16th Reykjavik op"]
[Site "Reykjavik ISL"]
[Date "1994.02.10"]
[Round "6"]
[White "Arnason, Jon"]
[Black "Kengis, Edvins"]
[Result "0-1"]
[WhiteElo "2520"]
[BlackElo "2565"]
[EventDate "1994.02.05"]
[PlyCount "80"]

1.e4 c5 2.Nf3 d6 3.d4 cxd4 4.Nxd4 Nf6 5.Nc3 a6 6.Be3 e5 7.Nf3 Be7 8.a4 O-O
9.a5 Nc6 10.Bb6 Qe8 11.Nd2 Be6 12.Nc4 Qd7 13.Qd2 Rac8 14.Ne3 Bd8 15.Bxd8 
Qxd8 16.Ned5 Nxe4 17.Nxe4 Bxd5 18.Qxd5 Nb4 19.Qd1 Nxc2+ 20.Kd2 Nxa1 21.
Qxa1 d5 22.Ng3 Qg5+ 23.Kd1 Rc7 24.Qb1 Rfc8 25.Ne2 Rc2 26.Qxc2 Rxc2 27.Kxc2
Qf5+ 28.Kb3 Qxf2 29.Nc3 d4 30.Nd5 d3 31.Nc3 e4 32.Nxe4 Qc2+ 33.Ka3 d2 34.
Nxd2 Qxd2 35.b4 Qc3+ 36.Ka4 Qc1 37.Kb3 Kf8 38.h4 Ke7 39.g4 Qd1+ 40.Kc4 
Qxg4+ 0-1

[Event "16th Reykjavik op"]
[Site "Reykjavik ISL"]
[Date "1994.02.10"]
[Round "6"]
[White "Wojtkiewicz, Aleksander"]
[Black "Atalik, Suat"]
[Result "0-1"]
[WhiteElo "2555"]
[BlackElo "2530"]
[EventDate "1994.02.05"]
[PlyCount "57"]

1.Nf3 d5 2.d4 c6 3.c4 dxc4 4.e3 b5 5.a4 e6 6.axb5 cxb5 7.b3 Bb4+ 8.Bd2 
Bxd2+ 9.Nbxd2 a5 10.bxc4 b4 11.c5 Nf6 12.Bb5+ Bd7 13.Bxd7+ Nbxd7 14.Nc4 
O-O 15.Ra4 Ne4 16.Qa1 Nc3 17.O-O Nxa4 18.Qxa4 Qc7 19.Nfd2 Nxc5 20.dxc5 
Qxc5 21.Ra1 Rfd8 22.Qb3 h6 23.h3 Qf5 24.Kf1 Rd5 25.e4 Qf6 26.e5 Qd8 27.Qb2
Qd7 28.Rc1 Rd8 29.Ke2 0-1

[Event "16th Reykjavik op"]
[Site "Reykjavik ISL"]
[Date "1994.02.10"]
[Round "6"]
[White "Rashkovsky, Nukhim"]
[Black "Garcia, Gildardo"]
[Result "0-1"]
[WhiteElo "2535"]
[BlackElo "2520"]
[EventDate "1994.02.05"]
[PlyCount "70"]

1.d4 Nf6 2.Nf3 e6 3.g3 Be7 4.Bg2 O-O 5.O-O d5 6.c4 Nbd7 7.Qc2 c6 8.Nbd2 b6
9.e4 Ba6 10.b3 c5 11.exd5 exd5 12.Bb2 cxd4 13.Nxd4 Rc8 14.Rfd1 Re8 15.Qf5 
Nc5 16.N2f3 g6 17.Qh3 Nce4 18.Ne5 Bc5 19.Ng4 Nxg4 20.Qxg4 Qf6 21.f3 Nd6 
22.Kh1 dxc4 23.Rab1 h5 24.Qd7 Re7 25.Qa4 Bb7 26.Nc6 Qe6 27.Nxe7+ Qxe7 28.
bxc4 h4 29.Qb3 h3 30.Bxh3 Ne4 31.Rf1 Rd8 32.Bg2 Rd2 33.fxe4 Rxg2 34.Qc3 
Rxb2 35.Rbe1 Bxe4+ 0-1

[Event "16th Reykjavik op"]
[Site "Reykjavik ISL"]
[Date "1994.02.10"]
[Round "6"]
[White "Shchekachev, Andrei"]
[Black "Khenkin, Igor"]
[Result "1/2-1/2"]
[WhiteElo "2470"]
[BlackElo "2555"]
[EventDate "1994.02.05"]
[PlyCount "68"]

1.Nf3 d5 2.g3 g6 3.Bg2 Bg7 4.O-O e5 5.d3 Nc6 6.e4 dxe4 7.dxe4 Qxd1 8.Rxd1 
Bg4 9.c3 Nf6 10.h3 Be6 11.Re1 Rd8 12.Na3 O-O 13.Bg5 h6 14.Bxf6 Bxf6 15.Bf1
a6 16.Nc4 b5 17.Ne3 Na5 18.b4 Nb7 19.a4 Nd6 20.Ng4 Bxg4 21.hxg4 Ra8 22.Ra2
Rfd8 23.Kg2 Kg7 24.Re3 Kf8 25.Ne1 Bg5 26.Ree2 c6 27.Nd3 Nc4 28.Rec2 Be7 
29.Ra1 Bd6 30.Be2 Nb6 31.Nb2 Be7 32.c4 Bxb4 33.axb5 axb5 34.Rxa8 1/2-1/2

[Event "16th Reykjavik op"]
[Site "Reykjavik ISL"]
[Date "1994.02.10"]
[Round "6"]
[White "Sokolov, Ivan"]
[Black "Ernst, Thomas"]
[Result "1-0"]
[WhiteElo "2650"]
[BlackElo "2480"]
[EventDate "1994.02.05"]
[PlyCount "60"]

1.d4 Nf6 2.c4 g6 3.Nc3 d5 4.cxd5 Nxd5 5.e4 Nxc3 6.bxc3 Bg7 7.Bb5+ Bd7 8.
Be2 c5 9.Nf3 cxd4 10.cxd4 Bc6 11.Qd3 f5 12.Qb3 Qa5+ 13.Bd2 Qa4 14.Qxa4 
Bxa4 15.Rc1 fxe4 16.Ng5 Bd7 17.d5 Na6 18.O-O O-O 19.Nxe4 Bf5 20.Ng3 Be5 
21.Nxf5 Rxf5 22.Bg4 Rff8 23.Rfe1 Bd6 24.Bh6 Rfe8 25.Be6+ Kh8 26.Bd2 Kg7 
27.Bc3+ Kh6 28.Re3 Bf4 29.Rh3+ Kg5 30.Rxh7 1-0